Metro Areas by Google Earth image - Statistics

General Stats
  • This quiz has been taken 19 times
  • The average score is 27 of 32
Answer Stats
Picture Answer % Correct
Cairo
100%
Chicago
100%
Dubai
100%
Istanbul
100%
London
100%
Los Angeles
100%
New York
100%
Tokyo
100%
Toronto
100%
Cape Town
93%
Paris
93%
Rio de Janeiro
93%
Shanghai
93%
Singapore
93%
Athens
87%
Buenos Aires
87%
Lagos
87%
Pearl River Delta
87%
Delhi
80%
Jakarta
80%
Kinshasa
80%
Las Vegas
80%
Mexico City
80%
Mumbai
80%
Rome
73%
Manila
67%
Melbourne
67%
St. Petersburg
67%
Bangkok
60%
Copenhagen
53%
Kampala
40%
Panama City
33%
No matching quizzes found
Score Distribution
Percent of People with Each Score
Percentile by Number Answered
Your Score History
You have not taken this quiz